| 000 | 00690nam a2200169 a 4500 | ||
|---|---|---|---|
| 008 | 120416s2011 ||||||||||||||||| || u | ||
| 050 | _aACU(058)AR/2010 | ||
| 110 | _aThe Association of Commonwealth Universities (ACU) | ||
| 245 | 1 | 4 | _aThe Association of Commonwealth Universities: annual report |
| 260 |
_aLondon: _bACU _c2011 |
||
| 300 | _a21p.: ill. | ||
| 350 | _a0.00 | ||
| 650 | _aCOMMONWEALTH UNIVERSITIES--PERIODICALS | ||
| 650 | _aMANAGEMENT INFORMATION SYSTEMS | ||
| 650 | _aCOMMONWEALTH UNIVERSITIES--REPORTS | ||
| 995 |
_D0.00 _FCBU-MAIN LIBRARY (Kitwe) _H1 _I0.00 _M1 _UAVAILABLE _WJul 14, 2011 _ZAnnex Low-Usage Collection |
||
| 999 |
_c35192 _d35192 |
||